000 00576nam a22001817a 4500
003 OSt
005 20240604063829.0
008 240603b |||||||| |||| 00| 0 eng d
020 _a9718510141
040 _aDWC- Main Lib
_cOC
082 _aFil. 510 B545e 1997
100 _aBesavilla, Venancio I Jr
245 _aEngineering mathematics volume 1 /
_cVenancio I Jr Besavilla.
260 _aCebu City :
_bVIB publishing,
_cc1997.
300 _a998 pages :
_b illustrations ;
_c 22cm.
650 _a1. Mathematics- Engineering - Examination,question, etc.
942 _2ddc
_cBK - FIL
_n1
999 _c93
_d93